Responses for Show #8654 - Thursday, June 2, 2022

Ryan Long game 15.

Contestants

[<< previous game]

Tom Philipose, a writing professor from Forest Hills, New York

Maya Sudarsana, a customer success manager from Boston, Massachusetts

Ryan Long, a rideshare driver from Philadelphia, Pennsylvania (whose 14-day cash winnings total $260,100)

[next game >>]

Jeopardy! Round responses

THANK YOU FOR YOUR SERVICE
THE PACIFIC OCEAN
NUGGETS OF INFORMATION
LET'S PLAY A GAME
WHAT BREED OF MOVIE DOG?
COME "INN"
    $200 30
Pearl Harbor

Tom
    $200 18
the Bering

Tom
    $200 29
Denver

Ryan
    $200 17
badminton

Maya
    $200 27
a Chihuahua

Maya
    $200 28
cinnamon

Ryan
    $400 1
John McCain

Tom
    $400 14
galleons

Triple Stumper
    $400 8
snooker

Ryan
    $400 16
Operation

Ryan
    $400 26
a pug

Ryan
    $400 2
innovator

Tom
    $600 15
(Norman) Schwarzkopf

Ryan
    $600 24
Guam

Ryan
    $600 9
(Maya: What is Chick-fil-A?)
...
(Mayim: Thank you, [*].)

Tyson (Foods)

RyanMaya
    $600 3
four

Tom
    $600 4
a beagle

Tom
    $600 21
the spinner

Ryan
    $800 22
Iraqi

Tom
    $1,000 19
typhoon

Tom
    $800 10
an almanac

Ryan
    $800 6
Jenga

Tom
    $800 7
a St. Bernard

Ryan
    $800 5
pinnacle

Tom
    $1000 23
Audie Murphy

Ryan
    $1000 25
the yeti crab

Ryan
    $1000 11
Nome

Tom
    $1000 13
Vice

Ryan
    $1000 20
Akita

Tom
    $1000 12
winnowing

Tom

Scores at the first commercial break (after clue 15):

Ryan Maya Tom
$4,200 -$600 $5,600

Scores at the end of the Jeopardy! Round:

Ryan Maya Tom
$8,600 -$200 $8,800

Double Jeopardy! Round responses

THEATER
YE OLD "E" CATEGORY
USA
A SHORT GOODBYE
6 DRUGS
ROCK & ROLL
    $400 30
Pee-wee Herman

Ryan
    $400 12
esquire

Maya
    $400 8
the Golden Gate Bridge

Maya
    $400 21
aloha

Ryan
    $400 2
caffeine

Ryan
    $400 19
Sheryl Crow

Ryan
    $800 26
A Streetcar Named Desire

Ryan
    $800 3
eddas

Ryan
    $800 9
the Chesapeake Bay

Ryan
    $800 15
auf wiedersehen

Tom
    $800 5
antibiotics

Maya
    $800 14
(Mayim: The one and only.)

Meat Loaf

Tom
    $1200 27
Waiting for Godot

Ryan
    $1200 4
the edicts

Maya
    $1200 13
Scranton

Ryan
    $1200 20
ta ta for now

Maya
    $1200 1
acetaminophen

Maya
    $1200 18
"Rock The Casbah"

Ryan
    $1600 28
(Jonathan) Larson

Tom
    $1600 10
Edo

Ryan
    $1600 23
Wyoming

Tom
    $1600 22
toodle-oo

Tom
    $3,000 6
(Maya: Um... what's a statin?)

an anticoagulant

Maya
    $1600 16
(Charlie) Watts

Tom
    $2000 29
Eugene O'Neill

Ryan
    $3,000 11
the Etruscans

Ryan
    $2000 24
Marie Laveau

Triple Stumper
    $2000 25
do svidaniya

Tom
    $2000 7
(Ryan: What is oxycodone?)

fentanyl

Ryan
Triple Stumper
    $2000 17
"Kryptonite"

Ryan

Scores at the end of the Double Jeopardy! Round:

Ryan Maya Tom
$22,800 $2,000 $18,800

[wagering suggestions for these scores]

Final Jeopardy! Round responses

UNESCO WORLD HERITAGE SITES
MayaWhat is Jaipur?
$2,000
TomWhat is Jaipur?
$18,800
RyanWhat is Baghdad?
$3,500
Petra

Final scores:

Ryan Maya Tom
$19,300 $0 $0
15-day champion: $279,400 3rd place: $1,000 2nd place: $2,000

Game dynamics:

Coryat scores:

Ryan Maya Tom
$21,800 $5,000 $18,600
28 R
(including 1 DD),
1 W
8 R,
2 W
(including 1 DD)
20 R
(including 1 DD),
0 W

Combined Coryat: $45,400

[game clues] [game scores] [suggest correction]

Game tape date: 2022-04-01
The J! Archive is created by fans, for fans. Scraping, republication, monetization, and malicious use prohibited; this site may use cookies and collect identifying information. See terms. The Jeopardy! game show and all elements thereof, including but not limited to copyright and trademark thereto, are the property of Jeopardy Productions, Inc. and are protected under law. This website is not affiliated with, sponsored by, or operated by Jeopardy Productions, Inc. Join the discussion at JBoard.tv.